000 00747nam a2200241 a 4500
001 000019966
005 20200929170217.0
008 100709s1965 sp 001 f spa d
040 _aDO-SdBNP
_bspa
_cBNPHU
082 _a863.6
_bA996c, 1965
100 1 _aAzorín,
_d1873-1967
_95278
245 1 3 _aEl caballero inactual :
_betopeya /
_cAzorín.
250 _a2a ed.
260 _aMadrid :
_bEspasa-Calpe,
_c1965.
300 _a153, [16] p. ;
_c18 cm.
490 1 _aAustral. Azul: novelas y cuentos en general
_v830
500 _aIncluye índice de autores.
650 4 _aNovela española
_91123
650 4 _aLiteratura española
_9632
830 0 _aAustral.
_pAzul: novelas y cuentos en general;
_v830
_922386
910 _aWM
049 _aBNGR
999 _c19479
_d19479